Online Catalogue and eLibrary

Demala sahithy a ithihasaya (Record no. 5159)

MARC details
000 -LEADER
fixed length control field 00426nam a2200157Ia 4500
005 - DATE AND TIME OF LATEST TRANSACTION
control field 20250514023228.0
008 - FIXED-LENGTH DATA ELEMENTS--GENERAL INFORMATION
fixed length control field 240331s9999 xx 000 0 und d
020 ## - INTERNATIONAL STANDARD BOOK NUMBER
ISBN 9552006511
082 ## - DDC Classification
Item Number - Author Mark ARI
Class No. 800
100 ## - MAIN ENTRY--PERSONAL NAME
Personal name Ariyarathne,S
245 #0 - TITLE STATEMENT
Title Demala sahithy a ithihasaya
260 ## - PUBLICATION, DISTRIBUTION, ETC.
Place of publication, distribution, etc. Colombo
Name of publisher, distributor, etc. S. Godage & Brothers
Date of publication, distribution, etc. 1991
300 ## - PHYSICAL DESCRIPTION
Extent (e.g. Volumes, Pages etc.) 265 p .,
500 ## - GENERAL NOTE
General note A book on the history of Tamil literature in Sinhala.
942 ## - Koha item type (Biblio)
Koha item type Books in Stacks (Lending)
Holdings
Lost status Damaged status Collection code Home library Current library Shelving location Date acquired Full call number Accession Number Item type
    Lending WERC Library WERC Library Social Science Cupboard 03/31/2024 800 ARI 3832 Books in Stacks (Lending)

© WERC Library